00231 a2200097 450000100060000008200180000610000200002424500530004425000060009726000300010358137 a621.38132 NEL aNelson, Charles aHigh frequency and microwave circuit design, 2/e a2 aNew YorkbCRC Pressc2008